| 000 | 00000nam##2200000za#4500 |
| 001 | 9.600656 |
| 003 | CaOODSP |
| 005 | 20210624205706 |
| 007 | cr ||||||||||| |
| 008 | 150406|1990||||xxc|||||o f|0| 0 fre|d |
| 040 | |aCaOODSP|bfre |
| 043 | |an-cn--- |
| 086 | 1 |aNH18-1/27-1990F-PDF |
| 110 | 2 |aSociété canadienne d'hypothèques et de logement. |
| 245 | 10|aCoûts et avantages des avertisseurs de fumée dans les maisons au Canada / |h[ressource électronique]|cpar A.T. Hansen et R.E. Platts. |
| 246 | 3 |aCoûts et avantages des avertisseurs de fumée dans les maisons au Canada (Phase III) |
| 260 | |aOttawa - Ontario : |bSociété canadienne d'hypothèques et de logement |c1990. |
| 300 | |a52p.|btableaux |
| 490 | 1 |aRapport de recherche |
| 504 | |aBibliographie. |
| 590 | |a11-23-Supp|b2011-10-17 |
| 720 | 1 |aPlatts, R. E. |
| 720 | 1 |aHansen, A. T. |
| 830 | #0|aResearch report (Société canadienne d'hypothèques et de logement : En ligne)|w(CaOODSP)9.502470 |
| 856 | 40|ahttp://publications.gc.ca|qPDF|s732 Ko|uhttps://publications.gc.ca/collections/collection_2011/schl-cmhc/nh18-1/NH18-1-27-1990-fra.pdf |